000 00519nam a2200181 i 4500
001 63508
003 ES-MaACL
005 20250822063127.0
007 t|
008 190430s1879 fr ||||1| fre d
100 1 _aCohen, Joseph,
_d1817-1899
_9166944
245 1 3 _aÉtudes sur l'empire d'Allemagne /
_cpar J. Cohen.
260 _aParis :
_bC. Lévy,
_c1879.
300 _aIII, 606 p. ;
_c23 cm.
651 4 _aAlemania-
_xHistoria-
_y1871-1918.
_97660
852 _aES-MaACL
_jD-4560
999 _c63508
_d63508